Be your own psychic
| Main Author: | |
|---|---|
| Format: | Book |
| Published: |
s.l. :
Edgar Cayce Foundation ,
1987
|
| Subjects: |
MARC
| LEADER | 00000cam a2200000 7i4500 | ||
|---|---|---|---|
| 001 | 0000009413 | ||
| 002 | 000010249 | ||
| 005 | 20091022.0 | ||
| 020 | |a 876040792 | ||
| 090 | 0 | 0 | |a 133.8 |b PAT |
| 100 | 1 | |a Patterson, Doris T | |
| 245 | 1 | 0 | |a Be your own psychic |c Doris T. Patterson, Violet M. Shelley |
| 260 | |a s.l. : |b Edgar Cayce Foundation , |c 1987 | ||
| 300 | |a 81p. ; |c 22cm. | ||
| 650 | 0 | 0 | |a Psychometry (Parapsychology) |
| 999 | |a 024016 |b BUKU |c PINJAMAN |e PERPUSTAKAAN KOMUNITI PETALING JAYA | ||